000
00366nam a2200181Ia 4500
100
_a
Antonopoulos/A.M
650
_a
bitcoin
250
_a
2
942
_c
BK
366
_f
20
654
_a
bitcoin
245
_a
Mastering Bitcoin:progamming the open blockchain
260
_b
SPD
_c
2017
082
_b
ANT
300
_a
369
546
_a
ENGLISH
999
_c
31979
_d
31979